MARC

LEADER 00000nam0a2200000 4500
001 367586
005 20231102012010.0
035 |a (RuTPU)RU\TPU\retro\24949 
090 |a 367586 
100 |a 20220316d1979 k y0rusy50 ca 
101 0 |a rus 
102 |a RU 
105 |a a z 000zy 
200 1 |a Двумерные численные модели плазмы  |e сборник научных трудов  |f Академия наук СССР, Институт прикладной математики им. М. В. Келдыша ; под ред. К. В. Брушлинского 
210 |a Москва  |c [Б. и.]  |d 1979 
215 |a 201 с.  |c ил. 
606 1 |a Физика плазмы  |2 stltpush  |3 (RuTPU)RU\TPU\subj\63739  |9 80711 
610 1 |a магнитоплазменные компрессоры 
610 1 |a плазма 
610 1 |a течение в каналах 
610 1 |a многомодовая винтовая МГД-неустойчивость 
610 1 |a плазменный фокус 
610 1 |a негидродинамические модели 
610 1 |a численное исследование 
675 |a 533.9  |v 4 
702 1 |a Брушлинский  |b К. В.  |4 340 
712 0 2 |a Академия наук СССР  |b Институт прикладной математики им. М. В. Келдыша  |c (Москва)  |2 stltpush  |3 (RuTPU)RU\TPU\col\12475  |9 25419 
801 1 |a RU  |b 63413507  |c 20220316 
942 |c BK